000
00246nam a2200109Ia 4500
008
230917s9999||||xx |||||||||||||| ||und||
040
_e
192076
_a
MAIN
041
_a
English
100
_a
Lekhraj Singh
245
0
_a
Bhoogol ki prakriti
942
_c
BK
999
_c
71034
_d
71034